It looks like you're offline.
Open Library logo
additional options menu

MARC record from Internet Archive

LEADER: 03017cam 2200565 a 4500
001 ocm36681835
003 OCoLC
005 20200827024527.0
008 970312s1997 ctua b 001 0 eng
010 $a 97126370
040 $aDLC$beng$cDLC$dMMU$dNLM$dVYC$dUKM$dBAKER$dBTCTA$dYDXCP$dHMS$dUAB$dZWZ$dDEBBG$dOCLCO$dOCLCF$dOCLCQ$dPHUST$dOCLCO$dOCLCQ$dOCLCA$dTJC$dOCLCQ$dOCLCO
015 $aGB9708649$2bnb
016 7 $a9704436$2DNLM
019 $a36304874
020 $a0838582761
020 $a9780838582763
035 $a(OCoLC)36681835$z(OCoLC)36304874
050 00 $aRE336$b.A93 1997
060 00 $a1997 B-865
060 10 $aWW 220$bR3326 1997
082 00 $a617.7/1$221
082 04 $a617.755$221
084 $aYO 7594$2rvk
084 $aMED 631f$2stub
100 1 $aAzar, Dimitri T.
245 10 $aRefractive surgery /$cDimitri T. Azar.
260 $aStamford, Conn. :$bAppleton & Lange,$c©1997.
300 $axx, 691 pages :$billustrations (some color) ;$c29 cm
336 $atext$btxt$2rdacontent
337 $aunmediated$bn$2rdamedia
338 $avolume$bnc$2rdacarrier
504 $aIncludes bibliographical references and index.
505 2 $a1. Terminology, Classifications, and Definitions of Refractive Surgery / Mariana D. Mead and Dimitri T. Azar -- 2. Corneal Anatomy and Physiology / Dimitri T. Azar, Wallace Chamon and Sandeep Jain -- 3. Corneal Wound Healing Following Refractive Keratotomy / W. Todd Johnson, Vadim Filatov and Jonathan H. Talamo -- 4. Corneal Wound Healing Following Laser Surgery / Dimitri T. Azar, Tae Won Hahn and Johnny M. Khoury -- 5. Pharmacological Modulation of Wound Healing After Keratorefractive Surgery / Sandeep Jain and Dimitri T. Azar -- 6. Corneal Diseases of Importance to the Keratorefractive Surgeon / Janine Austin Smith and Dimitri T. Azar -- 7. Patient Evaluation for Refractive Surgery / Jonathan D. Carr and Peter Hersh -- 8. Optics Rediscovered for the Keratorefractive Surgeon / Leon Strauss and Dimitri T. Azar -- 9. Centering Refractive Corneal Surgical Procedures / Forrest J. Ellis and David G. Hunter.
650 0 $aRefractive keratoplasty.
650 12 $aCornea$xsurgery.$0https://id.nlm.nih.gov/mesh/D003315Q000601
650 22 $aRefractive Surgical Procedures.$0https://id.nlm.nih.gov/mesh/D054140
650 7 $aRefractive keratoplasty.$2fast$0(OCoLC)fst01092676
650 7 $aCornée$xChirurgie.$2fmesh
650 7 $aTrouble réfraction oculaire$xChirurgie.$2fmesh
650 7 $aHornhautchirurgie$2gnd
776 08 $iOnline version:$aAzar, Dimitri T.$tRefractive surgery.$dStamford, Conn. : Appleton & Lange, ©1997$w(OCoLC)605567285
938 $aBaker & Taylor$bBKTY$c179.00$d179.00$i0838582761$n0002933636$sactive
938 $aBaker and Taylor$bBTCP$n97126370
938 $aYBP Library Services$bYANK$n1328082
029 1 $aAU@$b000013021700
029 1 $aDEBBG$bBV011229292
029 1 $aNLM$b9704436
029 1 $aZWZ$b029135680
994 $aZ0$bP4A
948 $hNO HOLDINGS IN P4A - 86 OTHER HOLDINGS